000 00789nam a2200217 4500
999 _c3521
_d3521
001 4272
005 20200701103432.0
008 200701b ||||| |||| 00| 0 eng d
020 0 0 _a978993615132
090 0 0 _a828.9995498 D277d1 2012
245 0 0 _a འབྲུག་གི་ཁ་རྒྱུན་སྲུང་སྣ་ཕྱོགས་བསྡེབས་སྣ་བའི་དགའ་སྟོན།
_cDzongkha Development Commission.
260 0 0 _aThimphu :
_bDzongkha Development Commission,
_c2012.
300 0 0 _a104 p. ; 22 cm.
500 _a[Stage 1 story book].
650 _aChildren's literature.
650 _aFolklore --
_zBhutan.
650 0 0 _aBhutan --Fiction.
650 0 0 _aBhutan --Juvenile literature.
650 0 0 _aTales Bhutan.
942 _2ddc
_cDZONGKHA